Welcome to WEB OPAC of MRSPTU Central Library

Chemical kinetics (Record no. 5444)

MARC details
000 -LEADER
fixed length control field 00386nam a2200169Ia 4500
008 - FIXED-LENGTH DATA ELEMENTS--GENERAL INFORMATION
fixed length control field 230711s9999||||xx |||||||||||||| ||und||
020 ## - INTERNATIONAL STANDARD BOOK NUMBER
International Standard Book Number 978-81-317-0972-6
041 ## - LANGUAGE CODE
Language code of text/sound track or separate title ENG
082 ## - DEWEY DECIMAL CLASSIFICATION NUMBER
Classification number 541.394
Item number LA-C
100 ## - MAIN ENTRY--PERSONAL NAME
Personal name Laidler,Keith J
245 #0 - TITLE STATEMENT
Title Chemical kinetics
250 ## - EDITION STATEMENT
Edition statement 3rd Ed.
260 ## - PUBLICATION, DISTRIBUTION, ETC.
Date of publication, distribution, etc. 2011
Place of publication, distribution, etc. New Delhi
Name of publisher, distributor, etc. Pearson
300 ## - PHYSICAL DESCRIPTION
Extent 531
650 ## - SUBJECT ADDED ENTRY--TOPICAL TERM
Topical term or geographic name entry element Chemistry
942 ## - ADDED ENTRY ELEMENTS (KOHA)
Koha item type Book
Holdings
Withdrawn status Lost status Damaged status Not for loan Collection Home library Current library Date acquired Total checkouts Full call number Barcode Date last seen Price effective from Koha item type Date last checked out
          MRSPTU Central Library MRSPTU Central Library     541.394 LA-C 20642 08/17/2023 08/17/2023 Book  
          MRSPTU Central Library MRSPTU Central Library     541.394 LA-C 20643 08/17/2023 08/17/2023 Book  
          MRSPTU Central Library MRSPTU Central Library   1 541.394 LA-C 20644 09/12/2023 08/17/2023 Book 08/30/2023
          MRSPTU Central Library MRSPTU Central Library     541.394 LA-C 20645 08/17/2023 08/17/2023 Book  
          MRSPTU Central Library MRSPTU Central Library     540 LA-C 31098 08/17/2023 08/17/2023 Book  
          MRSPTU Central Library MRSPTU Central Library     540 LA-C 31099 08/17/2023 08/17/2023 Book  
          MRSPTU Central Library MRSPTU Central Library     540 LA-C 31100 08/17/2023 08/17/2023 Book  
          MRSPTU Central Library MRSPTU Central Library     540 LA-C 31101 08/17/2023 08/17/2023 Book  
          MRSPTU Central Library MRSPTU Central Library     540 LA-C 31102 08/17/2023 08/17/2023 Book  
          MRSPTU Central Library MRSPTU Central Library   1 541.394 LA-C 34681 11/28/2023 08/17/2023 Book 11/28/2023
          MRSPTU Central Library MRSPTU Central Library     541.394 LA-C 34682 08/17/2023 08/17/2023 Book  
          MRSPTU Central Library MRSPTU Central Library     541.394 LA-C 34683 08/17/2023 08/17/2023 Book  
          MRSPTU Central Library MRSPTU Central Library     541.394 LA-C 34684 08/17/2023 08/17/2023 Book  

Website Designed and Developed by MRSPTU Central Library Team

E-mail Id: librarian@mrsptu.ac.in